Complete the Similes With an Image Quiz Stats

 Plays Quiz Updated Mar 11, 2019

Support Sporcle.
Go Orange.
Score 0/20 Timer 04:00
3 Plays Today
% Correct
Busy as a bee
94.4%
Straight as an arrow
94.1%
Blind as a bat
93.7%
Light as a feather
93.7%
Cold as ice
93.5%
Brave as a lion
93%
Cunning as a fox
90.9%
Quiet as a mouse
90.3%
Slippery as an eel
90.3%
Cool as a cucumber
89%
% Correct
Innocent as a lamb
88.6%
Strong as an ox
88%
Snug as a bug
87%
Clean as a whistle
86.3%
Fresh as a daisy
85.1%
Fit as a fiddle
84.7%
Dry as a bone
84.5%
Tough as nails
84.1%
Tight as a drum
81.7%
Steady as a rock
74.4%

You're not logged in!

Compare scores with friends on all Sporcle quizzes.
OR
Log In

From the Vault

3-Word TV Shows by Picture II

by lolshortee

These pictures are worth 3 words apiece!
Remove Ads.
Support Sporcle.
Get the best of Sporcle when you Go Orange. This ad-free experience offers more features, more stats, and more fun while also helping to support Sporcle. Thank you for becoming a member.

Show Comments

Extras

Top Quizzes Today


Score Distribution

Your Account Isn't Verified!

In order to create a playlist on Sporcle, you need to verify the email address you used during registration. Go to your Sporcle Settings to finish the process.

Report this User

Report this user for behavior that violates our Community Guidelines.

Details: